| 000 | 00626nam a2200217Ia 4500 | ||
|---|---|---|---|
| 005 | 20231129093606.0 | ||
| 008 | 131103s9999 xx 000 0 und d | ||
| 020 |
_a817036955 X _cRs.6.50 |
||
| 040 | _aLoreto College | ||
| 041 | _aEnglish | ||
| 082 |
_a396 _bDAV |
||
| 245 |
_aMental health from a gender perspective _cedited by Bhargavi V.Davar |
||
| 260 |
_aNew Delhi _bSage Publications _c2001 |
||
| 300 | _a427 p. | ||
| 504 | _aIncludes bibliographical references and index | ||
| 650 | _aWomen - Mental Health | ||
| 651 | _aWomen Studies | ||
| 700 | _aDavar,Bhargavi V.,ed. | ||
| 850 | _aLCLIB | ||
| 942 | _cBK | ||
| 999 |
_c11311 _d61790 |
||